LEADER 01367nam 2200397 450 001 9910157548403321 005 20170925222928.0 010 $a1-4396-5928-1 035 $a(CKB)3710000001001159 035 $a(MiAaPQ)EBC6132703 035 $a(EXLCZ)993710000001001159 100 $a20200608d2017 uy 0 101 0 $aeng 135 $aurcnu|||||||| 181 $ctxt$2rdacontent 182 $cc$2rdamedia 183 $acr$2rdacarrier 200 10$aCamp Tyson /$fShannon McFarlin 210 1$aCharleston, South Carolina :$cArcadia Publishing,$d2017. 215 $a1 online resource (199 pages) 225 1 $aImages of America 311 $a1-4671-2427-3 327 $aFlying elephants -- Why Henry County? -- Paris opens its doors -- The workforce -- A soldier's life -- Romance of the barrage balloons -- Finding comfort -- Soldiers segregated -- Preparing for the end -- Life after Camp Tyson. 410 0$aImages of America. 606 $aMilitary camps$zTennessee$zHenry County$xHistory$vPictorial works 607 $aCamp Tyson (Tenn.)$xHistory$vPictorial works 615 0$aMilitary camps$xHistory 676 $a940.541273 700 $aMcFarlin$b Shannon$01370381 801 0$bMiAaPQ 801 1$bMiAaPQ 801 2$bMiAaPQ 906 $aBOOK 912 $a9910157548403321 996 $aCamp Tyson$93398688 997 $aUNINA LEADER 02390nas 2200697-a 450 001 996218771503316 005 20230522213016.0 011 $a1744-4985 035 $a(DE-599)ZDB2011468-0 035 $a(OCoLC)44539694 035 $a(CKB)110975506072287 035 $a(CONSER)--2007233542 035 $a(EXLCZ)99110975506072287 100 $a20000706b20002004 s-- - 101 0 $aeng 135 $aurmnu|||||||| 181 $ctxt$2rdacontent 182 $cc$2rdamedia 183 $acr$2rdacarrier 200 10$aInjury control and safety promotion 210 $a[Lisse, the Netherlands] $cSwets & Zeitlinger Pub.$d2000-©2004 300 $aTitle from print version record. 300 $aPublished: [Abingdon, UK] : Taylor & Francis, -2004. 311 $a1566-0974 517 1 $aInjury control & safety promotion 531 $aINJURY CONTROL SAFE PROMOT 531 $aINJ CONTROL SAF PROMOT 531 $aINJURY CONTROL & SAFETY PROMOTION 606 $aAccidents$xPrevention$vPeriodicals 606 $aWounds and injuries$xTreatment$vPeriodicals 606 $aWounds and Injuries$xprevention & control 606 $aConsumer Product Safety 606 $aPublications périodiques$2eclas 606 $aProtection du consommateur$2eclas 606 $aSécurité des produits$2eclas 606 $aPrévention des accidents$2eclas 606 $aAccidents$xPrevention$2fast$3(OCoLC)fst00795276 606 $aWounds and injuries$xTreatment$2fast$3(OCoLC)fst01181511 606 $aProduktsicherheit$2swd 606 $aVerbraucherschutz$2swd 606 $aZeitschrift$2swd 608 $aPeriodicals.$2fast 610 $aSocial Welfare & Social Work - General 615 0$aAccidents$xPrevention 615 0$aWounds and injuries$xTreatment 615 12$aWounds and Injuries$xprevention & control. 615 22$aConsumer Product Safety. 615 7$aPublications périodiques. 615 7$aProtection du consommateur. 615 7$aSécurité des produits. 615 7$aPrévention des accidents. 615 7$aAccidents$xPrevention. 615 7$aWounds and injuries$xTreatment. 615 07$aProduktsicherheit. 615 07$aVerbraucherschutz. 615 07$aZeitschrift. 676 $a363.1 906 $aJOURNAL 912 $a996218771503316 996 $aInjury control and safety promotion$92353610 997 $aUNISA